Statistics for Easy Latin Phrases - Multiple Choice

Click here to take the quiz!

General Stats

  • This quiz has been taken 113 times
  • The average score is 9 of 10

Answer Stats

QuestionAnswer% Correct
Vox populivoice of the people
96%
Dulce et decorum est pro patria moriIt is sweet and honorable to die for the fatherland.
95%
Veni, vidi, viciI came, I saw, I conquered
94%
Morituri te salutantthose who are about to die salute you
92%
Amor vincit omnialove conquers all
91%
Nomen est omenthe name is a sign
86%
Alma maternourishing mother
84%
Noli turbare circulos meosDo not disturb my circles!
75%
Ad astra per asperato the stars through difficulties
74%
Alea iacta estthe die is cast
70%

Score Distribution

Percentile by Number Answered

Percent of People with Each Score

Your Score History

You have not taken this quiz